| 000 | 00451pab a2200169 454500 | ||
|---|---|---|---|
| 008 | 180718b2014 xxu||||| |||| 00| 0 eng d | ||
| 100 | _aZaidi, S. Akbar | ||
| 245 | _aRethinking Pakistan's political economy: Class, State, Power and Transition | ||
| 260 | _c2014 | ||
| 300 | _ap.47-54. | ||
| 362 | _a1 Feb | ||
| 650 | _aEconomics - Pakistan | ||
| 650 | _aEconomics | ||
| 773 | _aEconomic and Political Weekly | ||
| 908 | _aN | ||
| 909 | _a105660 | ||
| 999 |
_c105655 _d105655 |
||